000285191 001__ 285191
000285191 005__ 20240928180410.0
000285191 0247_ $$aG:(GEPRIS)241554888$$d241554888
000285191 035__ $$aG:(GEPRIS)241554888
000285191 040__ $$aGEPRIS$$chttp://gepris.its.kfa-juelich.de
000285191 150__ $$aAbschluss der Edition von Kants "Tugendlehre" (Akademie-Ausgabe)$$y2013 - 2018
000285191 371__ $$aProfessor Dr. Dieter Schönecker
000285191 450__ $$aDFG project G:(GEPRIS)241554888$$wd$$y2013 - 2018
000285191 5101_ $$0I:(DE-588b)2007744-0$$aDeutsche Forschungsgemeinschaft$$bDFG
000285191 680__ $$aDas eigens vom Verlag Walter de Gruyter für die Neuedition der Abteilung I der Akademie-Ausgabe geschriebene Programm "Oxygen-XML-Editor" wurde erst mit zweieinhalb Jahren Verspätung fertiggestellt wurde. Das Projekt "Edition und Interpretation von Kants "Tugendlehre" (Akademie-Ausgabe)" konnte daher im Förderzeitraum nicht zum Abschluss gebracht werden. Der in Word fertig edierte Text plus Apparat und Sachanmerkungen müssen händisch in den Editor übertragen und dann erneut mit dem Originalausgaben abgeglichen werden. Das ist sehr aufwendig, bedarf besonderer Sorgfalt und daher auch Zeit.
000285191 909CO $$ooai:juser.fz-juelich.de:951934$$pauthority$$pauthority:GRANT
000285191 909CO $$ooai:juser.fz-juelich.de:951934
000285191 980__ $$aG
000285191 980__ $$aAUTHORITY